[Event "Bydgoszcz blind op 43rd"]
[Site "Bydgoszcz"]
[Date "2014.03.19"]
[Round "7.12"]
[White "Olejnik, Bernard"]
[Black "Kaciotys, Mieczyslaw"]
[Result "0-1"]
[WhiteElo "1831"]
[BlackElo "1784"]
[PlyCount "106"]
[EventDate "2014.03.13"]
[EventType "swiss"]
[EventRounds "11"]
[EventCountry "POL"]
[SourceTitle "EXT 2023"]
[Source "ChessBase"]
[SourceDate "2022.10.05"]
[SourceVersion "1"]
[SourceVersionDate "2022.10.05"]
[SourceQuality "1"]

1. d4 e6 2. c4 Nf6 3. Nc3 Bb4 4. a3 Bxc3+ 5. bxc3 b6 6. Qc2 Bb7 7. f3 d6 8. e4 Nbd7 9. Bg5 h6 10. Bh4 g5 11. Bf2 Nh5 12. Ne2 0-0 13. h4 Ng7 14. hxg5 hxg5 15. g4 e5 16. Ng3 f6 17. 0-0-0 Kf7 18. Nf5 Nxf5 19. gxf5 Rh8 20. Bh3 Qe7 21. Bg4 d5 22. cxd5 Qxa3+ 23. Qb2 Qxb2+ 24. Kxb2 a5 25. Bg3 Ba6 26. dxe5 fxe5 27. f6 Nc5 28. Bxe5 Rxh1 29. Be6+ Nxe6 30. Rxh1 Nc5 31. Rh7+ Kg6 32. Rg7+ Kh6 33. Bxc7 Rf8 34. e5 Bc4 35. Bd6 Rd8 36. Re7 Bxd5 37. Bxc5 bxc5 38. f7 Rf8 39. e6 Kg7 40. Re8 Bxe6 41. Rxe6 Rxf7 42. Re5 Kg6 43. Rxc5 Rxf3 44. Rxa5 g4 45. Kc2 g3 46. Kd2 g2 47. Ra1 Rf1 48. Ra6+ Kf5 49. Ra5+ Kf4 50. Ra4+ Kf3 51. Ra8 g1Q 52. Rf8+ Ke4 53. Re8+ Kd5 0-1

[Event "POL-chT blind Gp B"]
[Site "Mielno"]
[Date "2013.12.08"]
[Round "2.3"]
[White "Kardasz, Wladyslaw"]
[Black "Olejnik, Bernard"]
[Result "0-1"]
[WhiteElo "1784"]
[BlackElo "1835"]
[PlyCount "100"]
[EventDate "2013.12.06"]
[EventType "team-tourn"]
[EventRounds "10"]
[EventCountry "POL"]
[SourceTitle "EXT 2019"]
[Source "ChessBase"]
[SourceDate "2018.10.10"]
[SourceVersion "1"]
[SourceVersionDate "2018.10.10"]
[SourceQuality "1"]

1. e4 e5 2. Nf3 Nc6 3. Bb5 a6 4. Bxc6 bxc6 5. d4 exd4 6. Qxd4 c5 7. Qe5+ Qe7 8. 0-0 Qxe5 9. Nxe5 Bd6 10. Nc4 Be7 11. Bf4 d6 12. Nc3 Be6 13. Nd5 Bxd5 14. exd5 Bf6 15. Rad1 Ne7 16. g4 Ng6 17. Rfe1+ Kd7 18. Bc1 Rhe8 19. h3 h6 20. Kf1 Rab8 21. Rxe8 Kxe8 22. Re1+ Kd7 23. c3 Nh4 24. f4 g5 25. Re2 Ng6 26. fxg5 Bxg5 27. Bxg5 hxg5 28. Rf2 Nf4 29. h4 f6 30. Ne3 Re8 31. hxg5 fxg5 32. Rf3 Re5 33. c4 c6 34. dxc6+ Kxc6 35. b3 Re4 36. Nf5 Ng6 37. Rd3 Re6 38. b4 Nf4 39. Ra3 Kb6 40. bxc5+ dxc5 41. Rb3+ Kc7 42. a4 Rb6 43. Re3 Rb1+ 44. Kf2 Ra1 45. Re7+ Kb6 46. Rg7 Rxa4 47. Ke3 Ra3+ 48. Ke4 Nh3 49. Rg6+ Ka5 50. Rc6 Kb4 0-1

[Event "Krynica-ch sf blind"]
[Site "Krynica"]
[Date "2013.03.14"]
[Round "2.7"]
[White "Falkowski, Dawid"]
[Black "Olejnik, Bernard"]
[Result "0-1"]
[WhiteElo "1983"]
[BlackElo "1838"]
[PlyCount "62"]
[EventDate "2013.03.14"]
[EventType "swiss"]
[EventRounds "9"]
[EventCountry "POL"]
[SourceTitle "EXT 2023"]
[Source "ChessBase"]
[SourceDate "2022.10.05"]
[SourceVersion "1"]
[SourceVersionDate "2022.10.05"]
[SourceQuality "1"]

1. e4 e5 2. Nf3 Nc6 3. d4 exd4 4. Bc4 h6 5. 0-0 Bc5 6. c3 Nge7 7. cxd4 Bb6 8. d5 Nb8 9. e5 d6 10. Nc3 Bg4 11. Qa4+ Bd7 12. Qc2 Na6 13. e6 fxe6 14. dxe6 Bc6 15. Nd5 Bxd5 16. Bxd5 c6 17. Be4 0-0 18. Bd2 Nc5 19. Bh7+ Kh8 20. Rae1 Rf6 21. b4 Nxe6 22. Bc3 Rxf3 23. gxf3 Ng5 24. Be4 d5 25. Rd1 Qc7 26. Bf5 Nxf3+ 27. Kg2 Nh4+ 28. Kh1 Nexf5 29. Rg1 Qf4 30. Rd3 Bxf2 31. Rxg7 Nxg7 0-1

[Event "Krynica-ch sf blind"]
[Site "Krynica"]
[Date "2013.03.14"]
[Round "1.7"]
[White "Olejnik, Bernard"]
[Black "Przewoznik, Emil"]
[Result "1/2-1/2"]
[WhiteElo "1838"]
[BlackElo "1963"]
[PlyCount "42"]
[EventDate "2013.03.14"]
[EventType "swiss"]
[EventRounds "9"]
[EventCountry "POL"]
[SourceTitle "EXT 2023"]
[Source "ChessBase"]
[SourceDate "2022.10.05"]
[SourceVersion "1"]
[SourceVersionDate "2022.10.05"]
[SourceQuality "1"]

1. d4 Nf6 2. c4 g6 3. Nc3 Bg7 4. Nf3 d6 5. h3 0-0 6. Bf4 Re8 7. e3 Nbd7 8. Be2 c5 9. 0-0 Qb6 10. Na4 Qc7 11. Qb3 Nh5 12. Bh2 e5 13. dxc5 Nxc5 14. Nxc5 dxc5 15. Rad1 b6 16. Rd2 Bb7 17. Rfd1 Bc6 18. Ne1 Qb7 19. Bf3 Bxf3 20. Nxf3 e4 21. Ne1 Nf6 1/2-1/2

[Event "Krynica Cross-ch sf"]
[Site "Krynica"]
[Date "2012.03.??"]
[Round "4"]
[White "Olejnik, Bernard"]
[Black "Sajdych, Wlodzimierz"]
[Result "1/2-1/2"]
[WhiteElo "1831"]
[BlackElo "1980"]
[PlyCount "37"]
[EventDate "2012.03.??"]
[EventType "swiss"]
[EventRounds "9"]
[EventCountry "POL"]
[SourceTitle "EXT 2014"]
[Source "ChessBase"]
[SourceDate "2013.11.20"]
[SourceVersion "1"]
[SourceVersionDate "2013.11.20"]
[SourceQuality "1"]

1. d4 d5 2. c4 e6 3. Nc3 Nf6 4. Nf3 c6 5. Qb3 Nbd7 6. h3 Bd6 7. c5 Bc7 8. Qc2 e5 9. e3 e4 10. Nh2 0-0 11. Be2 Re8 12. 0-0 Nf8 13. f3 Bxh2+ 14. Kxh2 Qc7+ 15. f4 Ng6 16. Bd2 h6 17. Be1 Ne7 18. Qd2 Nh7 19. Kg1 1/2-1/2

[Event "Krynica Cross-ch sf"]
[Site "Krynica"]
[Date "2012.03.??"]
[Round "3"]
[White "Stankiewicz, Edward"]
[Black "Olejnik, Bernard"]
[Result "1/2-1/2"]
[WhiteElo "1887"]
[BlackElo "1831"]
[PlyCount "60"]
[EventDate "2012.03.??"]
[EventType "swiss"]
[EventRounds "9"]
[EventCountry "POL"]
[SourceTitle "EXT 2014"]
[Source "ChessBase"]
[SourceDate "2013.11.20"]
[SourceVersion "1"]
[SourceVersionDate "2013.11.20"]
[SourceQuality "1"]

1. d4 d5 2. c4 c6 3. e3 Nf6 4. Nc3 g6 5. Nf3 Bg7 6. a4 0-0 7. Be2 Nbd7 8. cxd5 cxd5 9. 0-0 a6 10. h3 Re8 11. Qb3 Qb6 12. Ra3 Bf8 13. a5 Qc6 14. Ra4 e5 15. dxe5 Nxe5 16. Nd4 Qd6 17. f4 Nc6 18. Bf3 Nxd4 19. exd4 Be6 20. Qc2 Bf5 21. Qf2 h5 22. Be3 Rad8 23. Re1 Bh6 24. Qd2 Re7 25. Qe2 Rde8 26. Raa1 Be4 27. Bxe4 Nxe4 28. Nxe4 Rxe4 29. g3 Qd7 30. Kg2 Bg7 1/2-1/2

[Event "Krynica Cross-ch sf"]
[Site "Krynica"]
[Date "2012.03.??"]
[Round "1"]
[White "Wojcieszyn, Zdzislaw"]
[Black "Olejnik, Bernard"]
[Result "1-0"]
[WhiteElo "1967"]
[BlackElo "1831"]
[PlyCount "51"]
[EventDate "2012.03.??"]
[EventType "swiss"]
[EventRounds "9"]
[EventCountry "POL"]
[SourceTitle "EXT 2014"]
[Source "ChessBase"]
[SourceDate "2013.11.20"]
[SourceVersion "1"]
[SourceVersionDate "2013.11.20"]
[SourceQuality "1"]

1. d4 Nf6 2. c4 d5 3. cxd5 Nxd5 4. Nc3 c6 5. e4 Nxc3 6. bxc3 a6 7. Be3 e6 8. Nf3 Nd7 9. Qb3 b5 10. Rd1 Qc7 11. Be2 Be7 12. 0-0 0-0 13. c4 Nf6 14. Nd2 Bb7 15. c5 Rad8 16. Qc3 h6 17. g3 Nh7 18. e5 f6 19. Ne4 fxe5 20. dxe5 Rxd1 21. Rxd1 Bc8 22. Nd6 Bd7 23. Bg4 a5 24. Qd3 Bxd6 25. Qxd6 Qxd6 26. Rxd6 1-0

[Event "POL-chT blind Gp-A"]
[Site "Mielno"]
[Date "2011.03.28"]
[Round "3.6"]
[White "Stankiewicz, Edward"]
[Black "Olejnik, Bernard"]
[Result "1-0"]
[WhiteElo "1922"]
[BlackElo "1886"]
[PlyCount "62"]
[EventDate "2011.03.27"]
[EventType "team-tourn"]
[EventRounds "10"]
[EventCountry "POL"]
[SourceTitle "EXT 2019"]
[Source "ChessBase"]
[SourceDate "2018.10.10"]
[SourceVersion "1"]
[SourceVersionDate "2018.10.10"]
[SourceQuality "1"]

1. e4 e5 2. Nf3 Nc6 3. Bb5 a6 4. Bc4 d6 5. a3 Bd7 6. c3 Nf6 7. d3 h6 8. Nbd2 Be7 9. d4 0-0 10. Bb3 Nh7 11. d5 Na7 12. a4 Ng5 13. Bc2 f5 14. c4 fxe4 15. Nxg5 Bxg5 16. Nxe4 Bxc1 17. Rxc1 Nc8 18. Ng3 Ne7 19. 0-0 Nf5 20. Bxf5 Bxf5 21. Rc3 Qh4 22. Kh1 Bg6 23. a5 Rf4 24. Qe2 Raf8 25. c5 Qe7 26. c6 Be8 27. cxb7 c6 28. dxc6 Qc7 29. Nh5 Rd4 30. Nxg7 Kxg7 31. Rg3+ Kh8 1-0

[Event "POL-chT blind Gp-A"]
[Site "Mielno"]
[Date "2011.03.27"]
[Round "1.15"]
[White "Olejnik, Bernard"]
[Black "Mackowiak, Marek"]
[Result "0-1"]
[WhiteElo "1886"]
[BlackElo "2177"]
[PlyCount "84"]
[EventDate "2011.03.27"]
[EventType "team-tourn"]
[EventRounds "10"]
[EventCountry "POL"]
[SourceTitle "EXT 2019"]
[Source "ChessBase"]
[SourceDate "2018.10.10"]
[SourceVersion "1"]
[SourceVersionDate "2018.10.10"]
[SourceQuality "1"]

1. d4 d5 2. c4 c6 3. Nc3 Nf6 4. Nf3 e6 5. a3 Be7 6. Qc2 0-0 7. c5 b6 8. b4 a5 9. Ra2 Nbd7 10. Bf4 Ba6 11. Nd2 Nh5 12. Bg3 g6 13. e3 Nxg3 14. hxg3 Bxf1 15. Kxf1 e5 16. Nb3 Bf6 17. Qe2 a4 18. Nxa4 Rxa4 19. Qg4 Re8 20. cxb6 exd4 21. exd4 Qe7 22. Qd1 Nxb6 23. Na5 Qe6 24. Nb7 Ra7 25. Nc5 Qe7 26. a4 Bxd4 27. Nd3 Rxa4 28. Rxa4 Nxa4 29. Rh4 Nc3 30. Qd2 Bg7 31. Qc2 Ra8 32. Kg1 Ra2 33. Qb3 Qe2 34. b5 Qxd3 35. Kh2 cxb5 36. Rf4 Qc2 37. Qb4 Ra4 38. Qd6 Rxf4 39. Qxf4 d4 40. Qb8+ Bf8 41. f4 b4 42. f5 Qxf5 0-1

[Event "POL-ch sf blind"]
[Site "Zawoja Osrodek"]
[Date "2011.??.??"]
[Round "3"]
[White "Baryla, Lukasz"]
[Black "Olejnik, Bernard"]
[Result "1-0"]
[WhiteElo "1812"]
[BlackElo "1838"]
[PlyCount "65"]
[EventDate "2011.??.??"]
[EventType "swiss"]
[EventRounds "9"]
[EventCountry "POL"]
[SourceTitle "EXT 2013"]
[Source "ChessBase"]
[SourceDate "2012.11.22"]
[SourceVersion "1"]
[SourceVersionDate "2012.11.22"]
[SourceQuality "1"]

1. e4 e5 2. Nf3 Nc6 3. d4 exd4 4. Bc4 Bb4+ 5. c3 dxc3 6. bxc3 Be7 7. Qd5 Nh6 8. Bxh6 0-0 9. Bg5 d6 10. Bxe7 Qxe7 11. 0-0 Be6 12. Qd3 Rae8 13. Nbd2 a6 14. Rab1 b5 15. Bb3 Nd8 16. c4 c6 17. Nd4 Bd7 18. f4 Nb7 19. Rbe1 c5 20. Nc2 Qf6 21. e5 Qh6 22. Ne4 d5 23. Qxd5 Bc8 24. Qd3 Rd8 25. Qe2 b4 26. Ne3 Rd4 27. Nd5 Re8 28. Ba4 Rd8 29. Ne7+ Kf8 30. Nxc8 Rxc8 31. Nd6 Nxd6 32. exd6 Qxd6 33. Qe8+ 1-0

[Event "POL-ch sf blind"]
[Site "Zawoja Osrodek"]
[Date "2011.??.??"]
[Round "8"]
[White "Olejnik, Bernard"]
[Black "Przewoznik, Emil"]
[Result "1/2-1/2"]
[WhiteElo "1838"]
[BlackElo "2060"]
[PlyCount "49"]
[EventDate "2011.??.??"]
[EventType "swiss"]
[EventRounds "9"]
[EventCountry "POL"]
[SourceTitle "EXT 2013"]
[Source "ChessBase"]
[SourceDate "2012.11.22"]
[SourceVersion "1"]
[SourceVersionDate "2012.11.22"]
[SourceQuality "1"]

1. e4 e5 2. Nf3 Nc6 3. Bc4 Nf6 4. 0-0 Nxe4 5. Re1 d5 6. Bb5 Be7 7. d3 Nd6 8. Bxc6+ bxc6 9. Nxe5 Bb7 10. Bf4 0-0 11. Nd2 Re8 12. c3 Bg5 13. Bxg5 Qxg5 14. Ndf3 Qh5 15. Qd2 f6 16. Nd7 Rxe1+ 17. Rxe1 Re8 18. Rxe8+ Qxe8 19. Nc5 Kf7 20. Nxb7 Nxb7 21. Kf1 Nd6 22. Qe3 Qxe3 23. fxe3 Ke6 24. Nd4+ Kd7 25. Ke2 1/2-1/2

[Event "POL-ch sf blind"]
[Site "Zawoja Osrodek"]
[Date "2011.??.??"]
[Round "1"]
[White "Pawelec, Bartosz"]
[Black "Olejnik, Bernard"]
[Result "1-0"]
[WhiteElo "2045"]
[BlackElo "1838"]
[PlyCount "65"]
[EventDate "2011.??.??"]
[EventType "swiss"]
[EventRounds "9"]
[EventCountry "POL"]
[SourceTitle "EXT 2013"]
[Source "ChessBase"]
[SourceDate "2012.11.22"]
[SourceVersion "1"]
[SourceVersionDate "2012.11.22"]
[SourceQuality "1"]

1. e4 e5 2. Nf3 Nc6 3. Bc4 Bc5 4. 0-0 Nf6 5. d4 Bxd4 6. Nxd4 Nxd4 7. f4 Ne6 8. fxe5 Ng8 9. Bxe6 dxe6 10. Qxd8+ Kxd8 11. Rxf7 Ke8 12. Rxc7 h6 13. Rxg7 Ne7 14. Na3 b6 15. Nc4 Ba6 16. Nd6+ Kd7 17. Nf7 Raf8 18. Be3 Rhg8 19. Rd1+ Kc6 20. Rxg8 Rxg8 21. Rd6+ Kc7 22. Rxe6 Ng6 23. Nxh6 Rg7 24. Nf5 Rg8 25. Nh6 Rf8 26. Rf6 Bb7 27. Rxg6 Bxe4 28. Rg7+ Kb8 29. Rg8 Rxg8 30. Nxg8 Bxc2 31. e6 Kc7 32. e7 Bg6 33. Nf6 1-0

[Event "Ramsowo Grunwald Cup 24th"]
[Site "Ramsowo"]
[Date "2009.09.25"]
[Round "8.9"]
[White "Olejnik, Bernard"]
[Black "Misiejuk, Zdzislaw"]
[Result "1/2-1/2"]
[WhiteElo "1886"]
[BlackElo "1982"]
[PlyCount "108"]
[EventDate "2009.09.19"]
[EventType "swiss"]
[EventRounds "9"]
[EventCountry "POL"]
[SourceTitle "EXT 2023"]
[Source "ChessBase"]
[SourceDate "2022.10.05"]
[SourceVersion "1"]
[SourceVersionDate "2022.10.05"]
[SourceQuality "1"]

1. d4 Nf6 2. c4 c5 3. Nf3 cxd4 4. Nxd4 Nc6 5. e3 e5 6. Nf3 d6 7. h3 Be7 8. Nc3 0-0 9. Be2 Re8 10. 0-0 Bf8 11. a3 e4 12. Nd2 Bf5 13. Qb3 Qd7 14. Rd1 Ne5 15. Nf1 Bxh3 16. Nd5 Nxd5 17. Rxd5 Be6 18. Rd1 a6 19. Qc2 Qc6 20. Rd4 d5 21. b4 b5 22. c5 Be7 23. Rd1 Nc4 24. Nd2 Bf6 25. Rb1 Qc8 26. Nb3 Bg4 27. Rxd5 Bxe2 28. Qxe2 Re5 29. Rxe5 Bxe5 30. Nd4 f5 31. Bb2 Qe8 32. Rd1 Nxb2 33. Qxb2 Qh5 34. Qb3+ Kh8 35. g3 Re8 36. Rd2 Qg6 37. Ne2 Qf6 38. Nf4 g5 39. Ng2 h5 40. Rd7 Rf8 41. Qd1 Qg6 42. Rd8 Rxd8 43. Qxd8+ Kh7 44. Qd7+ Kh6 45. c6 Qd6 46. Qxf5 h4 47. Qxe4 hxg3 48. Qf3 g4 49. Qxg4 gxf2+ 50. Kxf2 Qd2+ 51. Qe2 Bg3+ 52. Kf3 Qd6 53. Nf4 Bxf4 54. exf4 Qxc6+ 1/2-1/2

[Event "Ramsowo Grunwald Cup 24th"]
[Site "Ramsowo"]
[Date "2009.09.22"]
[Round "5.13"]
[White "Olejnik, Bernard"]
[Black "Boese, Artur"]
[Result "1/2-1/2"]
[WhiteElo "1886"]
[BlackElo "1935"]
[PlyCount "61"]
[EventDate "2009.09.19"]
[EventType "swiss"]
[EventRounds "9"]
[EventCountry "POL"]
[SourceTitle "EXT 2023"]
[Source "ChessBase"]
[SourceDate "2022.10.05"]
[SourceVersion "1"]
[SourceVersionDate "2022.10.05"]
[SourceQuality "1"]

1. d4 f5 2. Nf3 Nf6 3. c4 g6 4. Nc3 Bg7 5. Bf4 d6 6. h3 0-0 7. e3 Nbd7 8. Bg5 e5 9. dxe5 dxe5 10. Nd5 h6 11. Nxf6+ Nxf6 12. Bh4 g5 13. Bg3 f4 14. Bh2 Bf5 15. Qb3 b6 16. Be2 Qe7 17. 0-0 e4 18. Nd4 Bd7 19. c5+ Kh8 20. c6 Bc8 21. Bc4 f3 22. Be6 fxg2 23. Kxg2 Nh5 24. Bxc8 Raxc8 25. Ne6 Rf3 26. Nxg7 Nxg7 27. Rad1 Qf8 28. Qd5 Qf5 29. Qxf5 Nxf5 30. Be5+ Kg8 31. Rd7 1/2-1/2